000 00844nam a2200277 a 4500
005 20151123021505.0
008 140219b1996 -Us||||| |||| 00| 0 spa d
040 _aCO-BoIAVH
_cCO-BoIAVH
041 _aspa
090 _aLB
_b00225
100 _aRincón, Luz Marina
_942512
110 _bProyecto Biopacífico
_96924
245 _aSerranía de Los Paraguas
_bmemorias de la expedición científica
260 _aWashington
_bProyecto Biopacífico
_c1996
300 _a89 p.
650 _aExpedición botánica
_942513
650 _aInventarios
_942514
650 _aClima
_942515
650 _aFlora
_942516
650 _aFauna
_942517
650 _aMedicinal
_942509
662 _aColombia
_cSerranía Los Paraguas
_bChocó y Valle del Cauca
700 _aMonje, César
_942518
700 _aNarváez, Conrado
_942519
942 _cINFORME
_2z
999 _c245
_d245